| 000 | 01511cam a2200409 i 4500 | ||
|---|---|---|---|
| 001 | 19066493 | ||
| 005 | 20230605120234.0 | ||
| 008 | 160425s2015 enka b 001 0 eng c | ||
| 010 | _a 2016301119 | ||
| 020 | _a9780198748953 | ||
| 035 | _a(OCoLC)ocn921193236 | ||
| 040 |
_aYDXCP _beng _cYDXCP _erda _dIXA _dBDX _dBTCTA _dEYM _dOCLCF _dOCLCA _dDLC |
||
| 042 | _apcc | ||
| 043 | _ae-uk--- | ||
| 050 | 0 | 0 |
_aJN956 _b.B745 2015 |
| 082 |
_a324.94 _bGED |
||
| 245 | 0 | 0 |
_aBritain Votes 2015 _cThe Hansard Society |
| 260 |
_aNew York _bOxford University Press Inc _c2015 |
||
| 300 |
_axiii, 278 pages : _billustrations ; _c24 cm. |
||
| 490 | 1 | _aHansard Society series in politics and government | |
| 504 | _aIncludes bibliographical references and index. | ||
| 610 | 1 | 0 |
_aGreat Britain. _bParliament _xElections, 2015. |
| 610 | 1 | 7 |
_aGreat Britain. _bParliament. _2fast |
| 648 | 7 |
_a2000 - 2099 _2fast |
|
| 650 | 0 |
_aElections _zGreat Britain. |
|
| 650 | 7 |
_aElections. _2fast |
|
| 650 | 7 |
_aPolitics and government. _2fast |
|
| 651 | 0 |
_aGreat Britain _xPolitics and government _y21st century. |
|
| 651 | 7 |
_aGreat Britain. _2fast |
|
| 700 | 1 |
_aGeddes, Andrew, _d1965- _eeditor. |
|
| 700 | 1 |
_aTonge, Jonathan, _eeditor. |
|
| 710 | 2 |
_aHansard Society for Parliamentary Government, _esponsoring body. |
|
| 830 | 0 | _aHansard Society series in politics and government. | |
| 906 |
_a7 _bcbc _cpccadap _d2 _encip _f20 _gy-gencatlg |
||
| 942 |
_2ddc _cBK |
||
| 999 |
_c351 _d351 |
||